000 00266nam a22001337a 4500
008 180215b xxu||||| |||| 00| 0 eng d
020 _a0810980908
041 _aeng
080 _a7
100 _a41
101 _aART
245 _aPARIS
_cJOHN.R
942 _2udc
_cBK
999 _c42699
_d42699